Algunas diferencias y similitudes entre la norma unificada argentina de contabilidad (NUA) y las normas internaciones de información financiera (NIIF). Contratos de arrendamiento (Registro nro. 10718)

Detalles MARC
000 -LEADER
fixed length control field 00476 a2200109 4500
001 - CONTROL NUMBER
control field ART_63472
005 - DATE AND TIME OF LATEST TRANSACTION
control field 20260410161612.0
008 - FIXED-LENGTH DATA ELEMENTS--GENERAL INFORMATION
fixed length control field 260409a
100 1# - MAIN ENTRY--PERSONAL NAME
Personal name Zgaib, Alfredo O.
245 10 - TITLE STATEMENT
Title Algunas diferencias y similitudes entre la norma unificada argentina de contabilidad (NUA) y las normas internaciones de información financiera (NIIF). Contratos de arrendamiento
773 0# - HOST ITEM ENTRY
Title Profesional & Empresaria
Related parts - Año XXVI, Nº 305 (sep./oct. 2025)
Record control number REV70

No hay ítems disponibles.